Management Information Systems / Organization and Technology: Third Edition (Record no. 1018)
[ view plain ]
| 000 -LEADER | |
|---|---|
| fixed length control field | 02585cam a22002294a 4500 |
| 005 - ΗΜΕΡΟΜΗΝΙΑ ΚΑΙ ΩΡΑ ΤΕΛΕΥΤΑΙΑΣ ΕΝΗΜΕΡΩΣΗΣ | |
| Πεδίο ελέγχου | 20250605163955.0 |
| 008 - FIXED-LENGTH DATA ELEMENTS--GENERAL INFORMATION | |
| Πεδίο ελέγχου σταθερού μήκους | 250528s ||||||||||||||||||||||||d |
| 035 ## - SYSTEM CONTROL NUMBER | |
| System control number | 15438 |
| 020 ## - ISBN | |
| ISBN | 23681217 |
| 040 ## - ΠΗΓΗ ΚΑΤΑΛΟΓΟΓΡΑΦΗΣΗΣ | |
| Φορέας πρωτότυπης καταλογογράφησης | MC Athens Campus Library |
| Γλώσσα καταλογογράφησης | Ελληνικά, Μοντέρνα (1453-) |
| Modifying agency | MC Athens Campus Library |
| Κανόνες περιγραφικής καταλογογράφησης | AACR2 |
| 245 1# - ΤΙΤΛΟΣ ΚΑΙ ΔΗΛΩΣΗ ΥΠΕΥΘΥΝΟΤΗΤΑΣ | |
| Τίτλος | Management Information Systems / Organization and Technology: Third Edition |
| 250 ## - EDITION STATEMENT | |
| Edition statement | 3rd |
| 260 ## - PUBLICATION, DISTRIBUTION, ETC. | |
| Name of publisher, distributor, etc. | Macmillan Publishing Company, |
| Date of publication, distribution, etc. | 1994 |
| 300 ## - PHYSICAL DESCRIPTION | |
| Extent | 834 |
| 505 0# - FORMATTED CONTENTS NOTE | |
| Formatted contents note | Organizational Foundations of Information Systems, The Challenge of Information Systems, Examples of Information Systems, Strategic Information Systems, Information Systems and Organizations, Information and Management and Decision Making, Technical Foundations of Information Systems, Computers and Information Processing, Information Systems Software, Managing Data Resources, Telecommunications The New Information Architecture, Building Information Systems: Contemporary Approaches, Redesigning the Organization with Information Systems, Alternative Systems-Building Methods, Ensuring Quality with Information Systems, System Success and Failure: Implementation, Management and Organizational Support Systems, Knowledge and Information Work Systems, Enhancing Management Decision Making, Artificial Intelligence, Managing Contemporarary Information Systems, Controlling Information Systems, Managing International Information Systems, Ethical and Social Issues in Information Systems, Index. |
| 520 ## - SUMMARY, ETC. | |
| Summary, etc. | Organizational Foundations of Information Systems, The Challenge of Information Systems, Examples of Information Systems, Strategic Information Systems, Information Systems and Organizations, Information and Management and Decision Making, Technical Foundations of Information Systems, Computers and Information Processing, Information Systems Software, Managing Data Resources, Telecommunications The New Information Architecture, Building Information Systems: Contemporary Approaches, Redesigning the Organization with Information Systems, Alternative Systems-Building Methods, Ensuring Quality with Information Systems, System Success and Failure: Implementation, Management and Organizational Support Systems, Knowledge and Information Work Systems, Enhancing Management Decision Making, Artificial Intelligence, Managing Contemporarary Information Systems, Controlling Information Systems, Managing International Information Systems, Ethical and Social Issues in Information Systems, Index. |
| 700 1# - ΠΡΟΣΘΕΤΗ ΑΝΑΓΡΑΦΗ--ΦΥΣΙΚΟ ΠΡΟΣΩΠΟ | |
| Personal name | Laudon Jane Price |
| 9 (RLIN) | 1357 |
| 700 1# - ΠΡΟΣΘΕΤΗ ΑΝΑΓΡΑΦΗ--ΦΥΣΙΚΟ ΠΡΟΣΩΠΟ | |
| Personal name | Laudon Kenneth C |
| 9 (RLIN) | 1358 |
| 942 ## - ADDED ENTRY ELEMENTS (KOHA) | |
| Koha item type | Books |
| Τύπος τεκμηρίου | Βιβλιοθήκη | Τρέχουσα τοποθεσία | Barcode | Αριθμός εισαγωγής | Ημερομηνία απόκτησης | Ταξιθετικό σύμβολο | Αριθμός αντιτύπου | Κατάσταση απόσυρσης | Κατάσταση χαμένου | Κατάσταση κατεστραμμένου | Μη δανεισμός | Σύνολο δανεισμών | Ημερομηνία τελευταίας εμφάνισης | Η τιμή ισχύει από |
|---|---|---|---|---|---|---|---|---|---|---|---|---|---|---|
| Books | MC Athens Campus Library | MC Athens Campus Library | 9780000010179 | 1779 | 05/06/2025 | 658.4/038 LAU | 1 | 05/06/2025 | 05/06/2025 |